| 000 | 01654cam a2200409 i 4500 | ||
|---|---|---|---|
| 001 | 19860527 | ||
| 003 | OSt | ||
| 005 | 20230921152034.0 | ||
| 008 | 170803s2017 enka b 001 0 eng | ||
| 010 | _a 2017325716 | ||
| 020 | _a9781138219656 (hbk) | ||
| 020 | _a9781315563466 (ebk) | ||
| 025 | _aI-E-2017325716 | ||
| 037 | _bLibrary of Congress -- New Delhi Overseas Office | ||
| 040 |
_aDLC _beng _erda _cDLC _dDLC |
||
| 042 |
_alcode _apcc |
||
| 043 |
_aenk---- _aa-ii--- |
||
| 050 | 0 | 0 |
_aHF486.E6 _bE265 2017 |
| 082 |
_a382.0941054 _bPET/E |
||
| 245 | 0 | 4 |
_aThe East India Company, 1600-1857 : _bessays on Anglo-Indian connection / _cedited by William A. Pettigrew and Mahesh Gopalan. |
| 250 | _aFirst South Asai edition. | ||
| 264 | 1 |
_aAbingdon, Oxon ; _aNew York : _bRoutledge Taylor & Francis Group, _c2017. |
|
| 264 | 2 |
_aNew Delhi , India : _bExclusively distributed by Manohar Publishers & Distributors |
|
| 300 |
_axii, 236 pages : _billustrations ; _c22 cm |
||
| 336 |
_atext _btxt _2rdacontent |
||
| 337 |
_aunmediated _bn _2rdamedia |
||
| 338 |
_avolume _bnc _2rdacarrier |
||
| 610 | 2 | 0 |
_aEast India Company _xHistory _y17th century. |
| 610 | 2 | 0 |
_aEast India Company _xHistory _y18th century. |
| 650 | 0 |
_aCorporations, British _zIndia _xHistory _y17th century. |
|
| 651 | 0 |
_aIndia _xHistory _y18th century. |
|
| 700 | 1 |
_aPettigrew, William A. _q(William Andrew), _d1978- _eeditor. |
|
| 700 | 1 |
_aGopalan, Mahesh, _eeditor. |
|
| 906 |
_a7 _bcbc _corigode _d3 _encip _f20 _gy-gencatlg |
||
| 942 |
_2ddc _cBK _h382.0941054 _iPET/E _k382.0941054 _mPET/E |
||
| 999 |
_c42221 _d42221 |
||